00999cam a22002651 4500001001300000003000400013005001700017008004100034010001700075035001900092040003900111042001200150050002300162082001100185100004200196245007500238260007700313300007700390490006600467504002800533650003700561700005300598810006500651999001700716gs 49000149 DLC20260227111355.0780906s1948 xx 000 0 eng c ags 49000149  a(OCoLC)4201651 aU.S. Geol. Survey Libr.cScCCdDLC apremarc00aQE117b.A22 no. 26 a563.121 aPope, David E.q(David Elvin),d1920-14aThe Harang fauna of Louisiana,cby David E. Pope [and] D. Jeter Smith. aBaton Rouge,bDept. of Conservation, Louisiana Geological Survey,c1948. axi, 80 p.billus., maps (part fold.) tables (2 fold. in pocket)c23 cm.1 aLouisiana. Dept. of Conservation. Geological bulletinvno. 26 aBibliography: p. 74-76. 0aForaminifera, FossilzLouisiana.1 aSmith, Denver Jeter,d1917- ,ejoint author.2 aLouisiana Geological Survey.tGeological bulletin ;vno. 26. c28381d28381